Countryballs - Statistics

General Stats
  • This quiz has been taken 17 times
  • The average score is 6 of 35
Answer Stats
Countryballs % Correct
Poland
85%
Russia
69%
UK
69%
USA
69%
China
54%
France
54%
Japan
54%
Italy
31%
North Korea
31%
South Korea
31%
USSR
23%
Reichtangle
15%
Han Dynasty
8%
Ming Dynasty
8%
Qing Dynasty
8%
Song Dynasty
8%
Taiwan
8%
East Germany
0%
EU
0%
Holy Roman Empire
0%
Kakakhbrick
0%
Mongol Empire
0%
Nepal
0%
No-No Germany
0%
Octovenice
0%
Ohio
0%
Poland-Lithuania
0%
Prussia
0%
Qin Dynasty
0%
Shang Dynasty
0%
Tang Dynasty
0%
West Germany
0%
Xia Dynasty
0%
Yuan Dynasty
0%
Zhou Dynasty
0%
No matching quizzes found
Score Distribution
Percent of People with Each Score
Percentile by Number Answered
Your Score History
You have not taken this quiz